000
00297nam a22001337a 4500
003
SGT
082
_a
616.89
_b
S08S
100
_a
SCHAIE, K. WARNER
245
_a
SOCIAL STRUCTURES & AGING INDIVIDUALS
260
_a
USA
_b
SPRINGER
_c
2008
300
_a
391
650
_a
PSYCHOLOGY
942
_2
ddc
_c
BK
999
_c
10406
_d
10406